000
00380nam a2200133Ia 4500
008
151001s9999||||xx |||||||||||||| ||und||
100
_a
उषादेवी विजय कोल्हाटकर
245
_a
जम्स
250
_a
1
260
_b
विमल पब्लिकेशन मुंबई
260
_c
1989
300
_a
160
365
_b
21
999
_c
966889
_d
966886